<?xml version="1.0" encoding="UTF-8"?>
<record
    xmlns:xsi="http://www.w3.org/2001/XMLSchema-instance"
    xsi:schemaLocation="http://www.loc.gov/MARC21/slim http://www.loc.gov/standards/marcxml/schema/MARC21slim.xsd"
    xmlns="http://www.loc.gov/MARC21/slim">

  <leader>01183njm a22002657a 4500</leader>
  <controlfield tag="005">20100901152334.0</controlfield>
  <controlfield tag="006">a|||||r|||||00| 0 </controlfield>
  <controlfield tag="007">sd ammalaaahaa</controlfield>
  <controlfield tag="008">100901t        xxu||||| |||| 00| 0 eng d</controlfield>
  <datafield tag="028" ind1=" " ind2=" ">
    <subfield code="a">H 931</subfield>
    <subfield code="b">Hindustan Record</subfield>
  </datafield>
  <datafield tag="035" ind1=" " ind2=" ">
    <subfield code="a">GR-215</subfield>
  </datafield>
  <datafield tag="040" ind1=" " ind2=" ">
    <subfield code="a">SED</subfield>
    <subfield code="c">SED</subfield>
  </datafield>
  <datafield tag="100" ind1=" " ind2=" ">
    <subfield code="a">Saigal, K L</subfield>
    <subfield code="9">17825</subfield>
  </datafield>
  <datafield tag="245" ind1=" " ind2=" ">
    <subfield code="a">Dil se teri nigah jigar tak utar gayi : </subfield>
    <subfield code="c">by K L Saigal; composition by Mirza Ghalib</subfield>
    <subfield code="h">[sound recording] </subfield>
    <subfield code="b">gajal /</subfield>
  </datafield>
  <datafield tag="246" ind1=" " ind2=" ">
    <subfield code="a">&#x926;&#x93F;&#x932; &#x938;&#x947; &#x924;&#x947;&#x930;&#x940; &#x928;&#x93F;&#x917;&#x93E;&#x939; &#x91C;&#x93F;&#x917;&#x930; &#x924;&#x915; &#x909;&#x924;&#x930; &#x917;&#x92F;&#x940;  / &#x915;&#x947; &#x905;&#x932; &#x938;&#x948;&#x917;&#x932;  </subfield>
    <subfield code="b">&#x917;&#x91C;&#x932;   </subfield>
  </datafield>
  <datafield tag="260" ind1=" " ind2=" ">
    <subfield code="a">Dum Dum, India</subfield>
    <subfield code="b">Hindusthan Record</subfield>
  </datafield>
  <datafield tag="300" ind1=" " ind2=" ">
    <subfield code="a">1 sound disc [Gramophone Recording] :</subfield>
    <subfield code="b">analog, 33 1/3 rpm </subfield>
    <subfield code="c">9.5 in. (MP)</subfield>
    <subfield code="f">Gramophone Records</subfield>
  </datafield>
  <datafield tag="500" ind1=" " ind2=" ">
    <subfield code="a">Brief record</subfield>
  </datafield>
  <datafield tag="505" ind1=" " ind2=" ">
    <subfield code="a">Side-2 &#x92C;&#x939;&#x941;&#x924; &#x909;&#x938; &#x917;&#x932;&#x940; &#x915;&#x947; &#x915;&#x93F;&#x92F;&#x947; &#x939;&#x947;&#x930;&#x947; &#x92B;&#x947;&#x930;&#x947; - &#x917;&#x91C;&#x932;    (Bahut us gali ke kiye heyre phere - gajal ) (K L Saigal)</subfield>
  </datafield>
  <datafield tag="650" ind1=" " ind2=" ">
    <subfield code="a">Classical music</subfield>
    <subfield code="x">Excerpts</subfield>
    <subfield code="z">India</subfield>
    <subfield code="9">17826</subfield>
  </datafield>
  <datafield tag="700" ind1=" " ind2=" ">
    <subfield code="9">17827</subfield>
    <subfield code="a">Ghalib, Mirza</subfield>
  </datafield>
  <datafield tag="700" ind1=" " ind2=" ">
    <subfield code="9">17828</subfield>
  </datafield>
  <datafield tag="942" ind1=" " ind2=" ">
    <subfield code="2">ddc</subfield>
    <subfield code="c">GR</subfield>
  </datafield>
  <datafield tag="999" ind1=" " ind2=" ">
    <subfield code="c">43418</subfield>
    <subfield code="d">43418</subfield>
  </datafield>
  <datafield tag="952" ind1=" " ind2=" ">
    <subfield code="0">0</subfield>
    <subfield code="1">0</subfield>
    <subfield code="2">ddc</subfield>
    <subfield code="4">0</subfield>
    <subfield code="7">1</subfield>
    <subfield code="8">NFIC</subfield>
    <subfield code="a">L</subfield>
    <subfield code="b">L</subfield>
    <subfield code="d">2010-09-01</subfield>
    <subfield code="e">SED/VEN</subfield>
    <subfield code="l">0</subfield>
    <subfield code="p">GR-215</subfield>
    <subfield code="r">2010-09-01 00:00:00</subfield>
    <subfield code="t">1</subfield>
    <subfield code="w">2010-09-01</subfield>
    <subfield code="y">GR</subfield>
  </datafield>
</record>
